000 01678nam a22004212 4500
001 0000025384
005 20151217154529.0
008 150827s xx 000 0 eng d
020 _a0199694921 :
040 _aKABU
_cKABU
100 1 _aCassese, Antonio.
_@0000180673
245 1 0 _aCassese's International Criminal Law /
_cby Antonio Cassese.
250 _a3rd ed.
260 _aUK :
_bO.U. P.,
_c2013.
300 _a Xlviii, 414 p.
650 0 _aInternational crimes.
_@0000182980
650 0 _aCriminal procedure
_xinternational law.
_@0000186046
710 2 _aPaola Gaeta.
_@0000186047
908 _a150827
950 _@1
999 _c11677
_d11677